000 00687nam a2200229 4500
001 144636
003 ES-MaACL
005 20250818235744.0
007 t|
008 070214s1966 sp r ||||1| spa d
080 _a22(04)
100 1 _aSimon, J. M.
_9106514
245 1 0 _aLo divino y lo humano en la Biblia /
_cJ. M. Simon ; traducción de S. García Navarro.
260 _aBarcelona :
_bEler,
_c1966.
300 _a170 p. ;
_c19 cm.
490 1 _aColección "Eler" ;
_v41
630 0 4 _aBiblia
_9119237
700 0 _aGarcía Navarro, Sebastián.
_955025
830 0 _aColección "Eler" ;
_v41
_9186685
852 _aES-MaACL
_jC-31699
_bR.62122
999 _c144636
_d144636